|
|
|
|
| LEADER |
01412nam a2200301 a 4500 |
| 001 |
2760637 |
| 008 |
100103s1977 onc b 000 0 eng d |
| 010 |
|
|
|a 79308817
|
| 020 |
|
|
|a 0889361339
|
| 040 |
|
|
|a DLC
|c DLC
|d DLC
|d BD-DhAAL
|
| 082 |
0 |
0 |
|a 301.32/6/091724
|
| 100 |
1 |
|
|a Simmons, Alan B.
|q (Alan Burtham),
|d 1941-
|
| 245 |
1 |
0 |
|a Social change and internal migration :
|b a review of research findings from Africa, Asia and Latin America /
|c Alan Simmons, Sergio Diaz-Briquets and Aprodicio A. Laquian.
|
| 260 |
|
|
|a Ottawa :
|b International Development Research Centre,
|c c1977
|
| 300 |
|
|
|a 128 p. ;
|c 25 cm.
|
| 500 |
|
|
|a "A report of the Migration Review Task Force of the International Development Research Centre"
|
| 500 |
|
|
|a "IDRC-TS 6e"
|
| 504 |
|
|
|a Includes Bibliography (p. 113-128.)
|
| 541 |
1 |
|
|e 00000212
|
| 650 |
|
0 |
|a Migration, Internal
|z Developing countries.
|
| 650 |
|
0 |
|a Rural-urban migration
|z Developing countries.
|
| 650 |
|
0 |
|a Social change.
|
| 700 |
2 |
|
|a Diaz-Briquets, Sergio,
|e joint author.
|
| 700 |
1 |
|
|a Laquian, Aprodicio A.,
|e joint author.
|
| 710 |
2 |
|
|a Migration Review Task Force.
|
| 852 |
4 |
|
|a Ayesha Abed Library
|j General shelf
|
| 999 |
|
|
|c 6657
|d 6657
|
| 952 |
|
|
|0 0
|1 0
|2 ddc
|4 0
|6 301_326091724000000_SIM_1977
|7 0
|9 6819
|a BRACUL
|b BRACUL
|c GEN
|d 2010-01-03
|g 0.00
|l 1
|m 4
|o 301.326091724 SIM
|p 3010000212
|r 2012-06-26
|s 2012-05-24
|t 1
|w 2010-01-03
|y BK
|z Not price in Register
|x Not price in Register
|